000 00237nam a2200097Ia 4500
005 20250424112822.0
008 250424s9999 xx 000 0 und d
300 _aiii, 253 p. ; 20 cm.
650 _aLaw. Law reviews. Nigeria.
942 _cSR
999 _c37310
_d37310